Speak, memory. (Record no. 3416)
[ view plain ]
| 000 -LEADER | |
|---|---|
| fixed length control field | 00450cam a22001691 4500 |
| 001 - CONTROL NUMBER | |
| control field | 0000003542 |
| 005 - DATE AND TIME OF LATEST TRANSACTION | |
| control field | 20170406115115.0 |
| 008 - FIXED-LENGTH DATA ELEMENTS--GENERAL INFORMATION | |
| fixed length control field | 111109s1989 nyu 000 0 eng |
| 010 ## - LIBRARY OF CONGRESS CONTROL NUMBER | |
| LC control number | 88040528 |
| 040 ## - CATALOGING SOURCE | |
| Original cataloging agency | DLC |
| Transcribing agency | DLC |
| Modifying agency | DLC |
| 050 00 - LIBRARY OF CONGRESS CALL NUMBER | |
| Classification number | PG3476.N3 |
| Item number | Z465 1989 |
| 100 1# - MAIN ENTRY--PERSONAL NAME | |
| Personal name | Nabokov, Vladimir Vladimirovich, |
| Dates associated with a name | 1899-1977. |
| 245 10 - TITLE STATEMENT | |
| Title | Speak, memory. |
| 260 ## - PUBLICATION, DISTRIBUTION, ETC. | |
| Date of publication, distribution, etc. | 1999. |
| 300 ## - PHYSICAL DESCRIPTION | |
| Extent | 268p. : |
| Other physical details | ill. ; |
| Dimensions | 21 cm. |
| 908 ## - PUT COMMAND PARAMETER (RLIN) | |
| Put command parameter | 140623 |
| Withdrawn status | Lost status | Source of classification or shelving scheme | Damaged status | Not for loan | Home library | Current library | Shelving location | Date acquired | Total Checkouts | Full call number | Barcode | Date last seen | Copy number | Price effective from | Koha item type |
|---|---|---|---|---|---|---|---|---|---|---|---|---|---|---|---|
| CUZ Harare Campus | CUZ Harare Campus | Open Shelf | 06.04.2017 | BG 2121.V37 V | BK0004123 | 22.05.2025 | CU2018 | 06.04.2017 | OS Book |